Guess the Book by Its Opening Line - Statistics

General Stats
  • This quiz has been taken 23 times
  • The average score is 4 of 8
Answer Stats
Hint Answer % Correct
"It was the best of times, it was the worst of times." A Tale of Two Cities
83%
"It was a bright, cold day in April, and the clocks were striking thirteen." 1984
78%
"It was a pleasure to burn." Fahrenheit 451
74%
“Many years later, as he faced the firing squad, Colonel Aureliano Buendía was to remember that distant afternoon when his father took him to discover ice.” 100 Years of Solitude
35%
"It was a queer, sultry summer, the summer they electrocuted the Rosenbergs, and I didn’t know what I was doing in New York." The Bell Jar
30%
"Mother died today." The Stranger
30%
"All this happened, more or less." Slaughterhouse Five
26%
"It was love at first sight." Catch-22
13%
No matching quizzes found
Score Distribution
Percent of People with Each Score
Percentile by Number Answered
Your Score History
You have not taken this quiz